Slimmest Countries Quiz Stats

Quiz Updated Aug 20, 2012

Challenge
Share
Tweet
Embed
Score 0/48 Timer 08:00
7 Plays Today
Ratio (length/width) Continent Country % Correct
25.11 (South America)Chile
95.7%
6.85 (Asia)Japan (Honshu)
82.4%
10.44 (Europe)Norway
80.7%
5.60 (Europe)Sweden
79.3%
5.40 (Europe)Italy
78.6%
5.68 (North America)Mexico
77.8%
4.10 (Europe)Finland
75.3%
12.27 (North America)Cuba
72.6%
8.15 (Asia)Vietnam
71.7%
5.80 (North America)Panama
71.5%
4.20 (South America)Argentina
69.9%
4.79 (Oceania)New Zealand (South Island)
68.3%
4.38 (Europe)United Kingdom (Great Britain)
65.6%
5.31 (Asia)Thailand
61.9%
4.72 (Asia)Laos
60.4%
6.71 (Asia)Indonesia (Sumatra)
60.3%
8.74 (Asia)Israel
57.2%
4.21 (Africa)Madagascar
54.7%
4.83 (Asia)Nepal
51.4%
5.31 (Africa)Somalia
50.7%
4.15 (North America)Costa Rica
50.1%
6.62 (Asia)Malaysia (Borneo)
48.8%
4.01 (North America)Belize
48.7%
5.89 (Africa)Togo
47%
Ratio (length/width) Continent Country % Correct
5.01 (North America)Jamaica
46.4%
6.29 (Asia)Myanmar
45.5%
4.03 (Africa)Morocco
44.9%
5.54 (Asia)Philippines (Luzon)
44.7%
4.11 (Europe)Greece
44.3%
4.26 (Asia)North Korea
44.2%
4.05 (North America)Honduras
43.9%
4.29 (Africa)Benin
41.5%
4.00 (Europe)Austria
38%
5.08 (Africa)Mozambique
37.6%
4.18 (Europe)Croatia
36.4%
6.75 (Africa)Malawi
34.9%
9.45 (Africa)The Gambia
33.9%
4.85 (Asia)Uzbekistan
33.7%
5.24 (Europe/Asia)Georgia
33.1%
5.69 (Africa)Eritrea
32.8%
4.15 (Asia)Taiwan
31.3%
4.75 (Oceania)Papua New Guinea (New Guinea)
28.8%
4.42 (Asia)Armenia
28.4%
4.13 (Asia)Bangladesh
28%
4.67 (Asia)Kyrgyzstan
26.9%
5.46 (Europe)Cyprus
26.4%
4.20 (Africa)Republic of the Congo
22.1%
5.27 (Asia)Timor Leste
16.7%

You're not logged in!

Compare scores with friends on all Sporcle quizzes.
Join for Free
OR
Log In

You Might Also Like...

Show Comments

Extras

Top Quizzes Today


Score Distribution

Your Account Isn't Verified!

In order to create a playlist on Sporcle, you need to verify the email address you used during registration. Go to your Sporcle Settings to finish the process.

Report this User

Report this user for behavior that violates our Community Guidelines.

Details: